000
00184 a2200097 4500
020
_a
9781402239335
041
_a
eng
100
_a
Malone,Michael
245
_a
Handling sin
942
_c
BK
999
_c
14862
_d
14862